Kỹ thuật điện; T1

Salvato in:
Dettagli Bibliografici
Autore principale: Choi Yong Sik
Natura: Libro
Lingua:Undetermined
Pubblicazione: Hà Nội Lao Động - Xã Hội 2000
Soggetti:
Tags: Aggiungi Tag
Nessun Tag, puoi essere il primo ad aggiungerne! !
Thư viện lưu trữ: Trung tâm Học liệu Trường Đại học Cần Thơ
LEADER 00523nam a2200193Ia 4500
001 CTU_41717
008 210402s9999 xx 000 0 und d
020 |b 9.500đ 
082 |a 621.3 
082 |b S581k/T1 
100 |a Choi Yong Sik 
245 0 |a Kỹ thuật điện; T1 
245 0 |c Choi Yong Sik 
260 |a Hà Nội 
260 |b Lao Động - Xã Hội 
260 |c 2000 
650 |a electrical engineering 
904 |i Minh, 010605 
980 |a Trung tâm Học liệu Trường Đại học Cần Thơ